Central Library OPAC University of Rajshahi

A book of modern prose / (Record no. 21474)

MARC details
000 -LEADER
fixed length control field 00730nam a22002412a 4500
001 - CONTROL NUMBER
control field 21474
003 - CONTROL NUMBER IDENTIFIER
rucl marc code BD-RjUL
005 - DATE AND TIME OF LATEST TRANSACTION
control field 20211209000706.0
008 - FIXED-LENGTH DATA ELEMENTS--GENERAL INFORMATION
fixed length control field 140304s1951 enk 000 0 eng d
035 ## - SYSTEM CONTROL NUMBER
System control number OCLC ocm07571222 from D950315M
-- (BD-RjUL)21538
040 ## - CATALOGING SOURCE
Original cataloging agency DLC
Transcribing agency TXU
Modifying agency UKM
-- BD-RjUL
Language of cataloging eng
041 ## - LANGUAGE CODE
Language code of text/sound track or separate title eng
082 ## - DEWEY DECIMAL CLASSIFICATION NUMBER
Classification number 820.82
Author mark and year BOO 1951
245 12 - TITLE STATEMENT
Title A book of modern prose /
Statement of responsibility, etc. Selected by Margaret Flower
260 ## - PUBLICATION, DISTRIBUTION, ETC. (IMPRINT)
Place of publication, distribution, etc. London :
Name of publisher, distributor, etc. Cassell,
Date of publication, distribution, etc. 1951.
300 ## - PHYSICAL DESCRIPTION
Pagination xii, 290 p. :
Illustrations illus. ;
Size 18 cm
650 #0 - SUBJECT ADDED ENTRY--TOPICAL TERM
Topical term or geographic name as entry element English prose literature
Chronological subdivision 20th century
9 (RLIN) 66334
700 ## - ADDED ENTRY--PERSONAL NAME
Personal name Flower, Margaret
830 #0 - SERIES ADDED ENTRY--UNIFORM TITLE
Uniform title Harrap's English classics
942 ## - ADDED ENTRY ELEMENTS (KOHA)
Source of classification or shelving scheme Dewey Decimal Classification
Koha item type Books
Holdings
Lost status Source of classification or shelving scheme Damaged status Not for loan Collection code Permanent Location Current Location Shelving location Date acquired Source of acquisition Cost, normal purchase price Total Checkouts Full call number Date last seen Copy number Koha item type
  Dewey Decimal Classification   Added to bundle Fiction Central Library, University of Rajshahi Central Library, University of Rajshahi Reading Room 25/01/1955 W.B.C. Dhaka 3.00   820.82 BOO 1951 04/03/2014 C-1 Books